000 00448nam a22001817a 4500
003 NUST - PNEC
005 20170116180833.0
008 150803b xxu||||| |||| 00| 0 eng d
020 _a9780070151550
020 _a0070151555
040 _cLIBRARY
082 _a530 BEJ
100 _94810
_aBeiser, Arthur
245 _aConcepts of modern physics
_cArthur Beiser
250 _aSixth Edition
650 _94814
_aPhysics
_xME
942 _2ddc
_cBK
999 _c64121
_d64121